| 000 | 00791nam a22002297a 4500 | ||
|---|---|---|---|
| 999 |
_c157666 _d157666 |
||
| 005 | 20180924144146.0 | ||
| 010 | _aENG-124039 | ||
| 020 |
_a9789353062682 _c729.00 |
||
| 035 | _aEN-107571 | ||
| 037 | _bDBAD/PUB | ||
| 082 | _a658.45 | ||
| 100 | _aBovee, Coiurtland L. | ||
| 245 |
_cby Coiurtland L. Bovee; John V. Thill [and] Roshan Lal Raina _aBusiness communication today / |
||
| 250 | _a14th ed. | ||
| 260 |
_aNoida _bPearson _c2018 |
||
| 270 |
_a15th Floor, Tower B, Worls Trade Tower, Plot No.1, Block -C _bNoida (UP) _e201301 |
||
| 300 |
_axlvii,688p. _c25cm.(pbk) _bill. |
||
| 500 | _aIt includes Brand, Organization, Name, and Website index and subject index | ||
| 700 | _a Thill, John V. | ||
| 700 | _a Raina, Roshan Lal | ||
| 942 |
_2ddc _cEN _h658.45 _mBOV |
||